Tinc problemes per pagar la hipoteca : consells i recursos consells i recursos
Publicado:
Barcelona :
Diputació de Barcelona. Àrea de Territori i Sostenibilitat : Diputació de Barcelona. Àrea d’Atenció a les Persones ,
2013
Descripción Física:
1 f. plegat en 4 parts : il. ; 21 cm
MARC
| LEADER | 00000nam a2200000Ia 4500 | ||
|---|---|---|---|
| 001 | 24046 | ||
| 008 | 160829s2013 xx 000 0 cat d | ||
| 080 | |a FU-64-16 | ||
| 245 | |a Tinc problemes per pagar la hipoteca : |b consells i recursos | ||
| 260 | |a Barcelona : |b Diputació de Barcelona. Àrea de Territori i Sostenibilitat : |b Diputació de Barcelona. Àrea d’Atenció a les Persones, |c 2013 | ||
| 300 | |a 1 f. plegat en 4 parts : |b il. ; |c 21 cm | ||
| 650 | 0 | |a Hipoteques |z Barcelona (Catalunya : Província) |9 50473 | |
| 650 | |a Desnonament |9 50474 | ||
| 710 | 1 | |a Barcelona (Catalunya : Província). |b Àrea de Territori i Sostenibilitat |9 52770 | |
| 710 | |a Barcelona (Catalunya : Província). |b Àrea d'Atenció a les Persones |9 52421 | ||
| 856 | |u www.diba.cat/deutehabitatge | ||
| 901 | |a Arxiu | ||
| 942 | |n 1 | ||
| 952 | |0 0 |1 0 |4 0 |6 FU6416 |7 1 |9 56052 |a Arxiu |b Arxiu |d 2016-12-01 |l 0 |o FU-64-16 |p 24046 |r 2016-12-01 00:00:00 |w 2016-12-01 |y ARXIU | ||
| 999 | |c 59926 |d 59926 | ||